Manual of low-slope roof systems

This fourth edition covers major advances in design and materials, as well as changes in building codes. It gets you up to speed on roof system performance, emerging materials, drainage, wind uplift, vapor control, fire resistance, thermal insulation, reroofing, and much more. You'll even find...

Cur síos iomlán

Đã lưu trong:
Sonraí Bibleagrafaíochta
Príomhúdar: Griffin, C. W.
Formáid: Leabhar
Teanga:Undetermined
Foilsithe: New York McGraw-Hill 2006
Ábhair:
Clibeanna: Cuir Clib Leis
Gan Chlibeanna, Bí ar an gcéad duine leis an taifead seo a chlibeáil!
Thư viện lưu trữ: Trung tâm Học liệu Trường Đại học Cần Thơ
LEADER 01137nam a2200205Ia 4500
001 CTU_138630
008 210402s9999 xx 000 0 und d
020 |c 89.95 
082 |a 695 
082 |b G852 
100 |a Griffin, C. W. 
245 0 |a Manual of low-slope roof systems 
245 0 |c C. W. Griffin, R. L. Fricklas 
260 |a New York 
260 |b McGraw-Hill 
260 |c 2006 
520 |a This fourth edition covers major advances in design and materials, as well as changes in building codes. It gets you up to speed on roof system performance, emerging materials, drainage, wind uplift, vapor control, fire resistance, thermal insulation, reroofing, and much more. You'll even find field-tested solutions for such problems as lap-seam failures, membrane shrinkage, and fastener backout. Covering all major types of flat, multi-ply, low-slope roofing systems for commercial and industrial facilities, this definitive text also updates you on new procedures in inspection and maintenance. 
650 |a Flat roofs,Roofing,Tấm lợp 
904 |i Giang 
980 |a Trung tâm Học liệu Trường Đại học Cần Thơ